000 00675cam a2200217 4500
001 4839
005 20181127174232.0
008 030221s2003 nyu 000 0 eng
010 _a 2003043688
020 _a1400031869 (pbk.)
041 1 _aeng
_hchi
042 _apcc
100 1 _aYu, Hua,
_d1960-
240 1 0 _aHuo zhe.
_lEnglish
245 1 0 _aTo live :
_ba novel /
_cYu Hua ; translated and with an afterword by Michael Berry.
260 _aNew York :
_bAnchor Books,
_cc2003.
300 _a250 p. ;
_c21 cm.
651 _aChina -- History -- Cultural Revolution, 1966-1976 -- Fiction.
_v
_x
_y
_z
_2
700 1 _aBerry, Michael,
_d1974-
999 _c4019
_d4019